MDQL
is popping MORE tags! Check the
thread
!
Quizzes
Events
Quiz Creation
Community
Videos
Private Events
Remove Ads
Sign In
Join for FREE
Feedback
Dark Mode
Quiz Categories
Sports
Geography
Music
Movies
Television
Just For Fun
Miscellaneous
History
Literature
Language
Science
Gaming
Entertainment
Religion
Holiday
For Kids
Quiz Lab
Recent
Popular Today
Quiz Kudos Today
Editor Picks
Curator Picks
Quizzes by...
Day
Popularity
Type
Ratings
Length
Year
Community
Subscriptions
Recent Discussions
Orange Saloon
Badges
Playlists
Quests
Create
Leaderboards
Showdown
Live 5
Trivia Bingo
Activity
Puzzle Library
Sporcle Events
Private Events
Virtual Trivia
Globe League
Become a Host
Pub Owners
SporcleCon
Opinionation
Our Games
Videos
Blog
Mobile Apps
Partnerships
Remove Ads and Go Orange
Feedback
Sports
Athletes
MLB
NBA
NHL
NFL
Soccer
Sports Teams
WWE
NCAA
Football
Premier League
Basketball
Baseball
Hockey
Golf
Tennis
Cricket
Rugby
Auto Racing
Olympics
World Cup
Sports
Athletes
MLB
NBA
NHL
NFL
Soccer
Sports Teams
WWE
NCAA
Football
Premier League
Basketball
Baseball
Hockey
Golf
Tennis
Cricket
Rugby
Auto Racing
Olympics
World Cup
Random Quiz
Search Sporcle
×
Quiz Lab
Quiz Lab
Sports
Event
Type in answers that appear in a list
Type in answers that appear in a list
Classic
Best Score? Go Orange.
UFC Main Event Winners Stats
Can you name the UFC Main Events?
By
leahyas
15m
108 Questions
3,834 Plays
3,834 Plays
3,834 Plays
Comments
Comments
Give Quiz Kudos
Give Quiz Kudos
-
- Ratings
hide this ad
Replay
Link that replays current quiz
Next Quiz
Link to next quiz in quiz playlist
You Got
0%
They Got
Avg Score
70%
Avg Friend Score
Upgrade to see
Score Distribution
Jump to the score distribution portion of the page
Score
0/108
Timer
15:00
0
Plays Today
Event
Main Event Winner
% Correct
UFC 64
Anderson Silva
91.9%
UFC 67
Anderson Silva
91.9%
UFC 73
Anderson Silva
91.9%
UFC 77
Anderson Silva
91.9%
UFC 82
Anderson Silva
91.9%
UFC 90
Anderson Silva
91.9%
UFC 97
Anderson Silva
91.9%
UFC 1
Royce Gracie
91.7%
UFC 2
Royce Gracie
91.7%
UFC 4
Royce Gracie
91.7%
UFC 37.5
Chuck Liddell
90.6%
UFC 47
Chuck Liddell
90.6%
UFC 52
Chuck Liddell
90.6%
UFC 54
Chuck Liddell
90.6%
UFC 57
Chuck Liddell
90.6%
UFC 62
Chuck Liddell
90.6%
UFC 66
Chuck Liddell
90.6%
UFC 91
Brock Lesnar
89.3%
UFC 100
Brock Lesnar
89.3%
UFC 28
Randy Couture
87.9%
UFC 31
Randy Couture
87.9%
UFC 43
Randy Couture
87.9%
UFC 44
Randy Couture
87.9%
UFC 49
Randy Couture
87.9%
UFC 68
Randy Couture
87.9%
UFC 74
Randy Couture
87.9%
UFC 19
Tito Ortiz
87.4%
UFC 25
Tito Ortiz
87.4%
UFC 29
Tito Ortiz
87.4%
UFC 30
Tito Ortiz
87.4%
UFC 32
Tito Ortiz
87.4%
UFC 33
Tito Ortiz
87.4%
UFC 40
Tito Ortiz
87.4%
UFC 50
Tito Ortiz
87.4%
UFC 51
Tito Ortiz
87.4%
UFC 48
Ken Shamrock
85.1%
Event
Main Event Winner
% Correct
UFC 80
BJ Penn
84.5%
UFC 84
BJ Penn
84.5%
UFC 101
BJ Penn
84.5%
UFC 16
Frank Shamrock
83.5%
UFC 17
Frank Shamrock
83.5%
Ultimate Brazil
Frank Shamrock
83.5%
UFC 22
Frank Shamrock
83.5%
UFC 34
Matt Hughes
81.4%
UFC 38
Matt Hughes
81.4%
UFC 42
Matt Hughes
81.4%
UFC 45
Matt Hughes
81.4%
UFC 60
Matt Hughes
81.4%
UFC 63
Matt Hughes
81.4%
UFC 71
Quinton Jackson
80.5%
UFC 75
Quinton Jackson
80.5%
UFC 96
Quinton Jackson
80.5%
UFC 78
Rashad Evans
77.6%
UFC 88
Rashad Evans
77.6%
UFC 92
Rashad Evans
77.6%
UFC 86
Forrest Griffin
75.3%
UFC 56
Rich Franklin
70.8%
UFC 58
Rich Franklin
70.8%
UFC 72
Rich Franklin
70.8%
UFC 99
Rich Franklin
70.8%
UFC 98
Lyoto Machida
69.4%
UFC 13
Vitor Belfort
69.1%
Ultimate Japan
Vitor Belfort
69.1%
UFC 46
Vitor Belfort
69.1%
UFC 103
Vitor Belfort
69.1%
UFC 41
Tim Sylvia
68.6%
UFC 59
Tim Sylvia
68.6%
UFC 61
Tim Sylvia
68.6%
UFC 65
Georges St. Pierre
65.2%
UFC 79
Georges St. Pierre
65.2%
UFC 83
Georges St. Pierre
65.2%
UFC 87
Georges St. Pierre
65.2%
Event
Main Event Winner
% Correct
UFC 94
Georges St. Pierre
65.2%
UFC 10
Mark Coleman
65%
UFC 11
Mark Coleman
65%
UFC 12
Mark Coleman
65%
UFC 69
Matt Serra
63.5%
UFC 5
Dan Severn
60.6%
Ultimate Ultimate 1995
Dan Severn
60.6%
UFC 9
Dan Severn
60.6%
UFC 53
Andrei Arlovski
60.5%
UFC 55
Andrei Arlovski
60.5%
UFC 93
Dan Henderson
59.7%
UFC 89
Michael Bisping
55.6%
UFC 81
Antonio Rodrigo Nogueira
49.3%
UFC 102
Antonio Rodrigo Nogueira
49.3%
UFC 35
Jens Pulver
46.9%
UFC 95
Diego Sanchez
46.3%
UFC 23
Kevin Randleman
45.7%
UFC 26
Kevin Randleman
45.7%
UFC 20
Bas Rutten
45.4%
UFC 14
Maurice Smith
45.1%
UFC 15
Maurice Smith
45.1%
UFC 21
Maurice Smith
45.1%
UFC 8
Don Frye
39.4%
Ultimate Ultimate 1996
Don Frye
39.4%
UFC 36
Josh Barnett
39%
UFC 39
Ricco Rodriguez
37.6%
UFC 70
Gabriel Gonzaga
34.4%
UFC 76
Keith Jardine
32.1%
UFC 18
Pat Miletich
32%
UFC 27
Pedro Rizzo
30.8%
UFC 85
Thiago Alves
30.6%
UFC 37
Murilo Bustamante
28.2%
UFC 3
Steve Jennum
23.5%
UFC 6
Oleg Taktarov
23.4%
UFC 7
Marco Ruas
22.1%
UFC 24
Tedd Williams
20.8%
Quiz Playlist
Details
Report
Send in Message
Add To Playlist
Classic:
Type in answers that appear in a list
Last Updated: Feb 16, 2017
Quiz Scoreboard
CHALLENGE
Sign Up to Join the Scoreboard
Show All
Scores
Hide
Comments
May contain spoilers
Recently Published
1-10 Letter E Words III
by El_Dandy
Language
2m
Street Fighter Characters
by Artimus82
Gaming
60s
College Basketball Coaching Resumes
by pancakes188
Sports
9m
More to Explore
Quiz From the Vault
Featured Blog Post
Where Did the Easter Bunny Come From?
hide this ad
You Might Also Like...
Tags
Event
MMA
UFC
Winner
Today's Top Quizzes in Sports
Browse Sports
hide this ad
Today's Top Quizzes in Event
Browse Event
Top Contributed Quizzes in Sports
1
2022 World Cup Stars
2
Les meilleurs buteurs des matchs entre le PSG et l’OM
3
FIFA Club World Cup Champions
4
Les entraîneurs de l'OM et du PSG au 21e siècle
5
Criteria MLB: Left Handed Sluggers
6
2023 MLB Unique Player Accomplishments
7
AFC Teams Reveal (Wrong Answers Minefield)
8
Players with Multiple 50 Home Run Seasons
9
5-to-1: FBS Animal Nicknames
10
5-to-1: UK Sports Teams
Explore More
Trending Topics
Disney
Marvel
Kpop
Crossword
Harry Potter
Anime
NBA
Soccer
Country
Puzzle
WWE
The Office
NFL
Pokémon
Song
hide this ad
More By:
leahyas
Quiz
Plays
Rating
Category
Featured
Created
UFC Main Event Winners
3,834
4.25
Sports
Oct 14, 2009
Go to Creator's Profile
Score Distribution
Quiz Creator Spotlight
leahyas
Follow
Send a Message
Quizzes Created
-
Created Quiz Play Count
-
More By This Creator
Popular Quizzes Today
1
Find the US States - No Outlines Minefield
2
Find the Countries of Europe - No Outlines Minefield
3
The Countries of the World
4
Find the US States
5
Risky Map Clicking: Biggest States A-Z
6
US States
7
Popular People in 1961
8
Movies - When Are They Set?
More Sports Quizzes
Maradona By Club Shirts
Curator's Pick
Trending Quizzes
Risky Map Clicking: Least Populous States A-Z
1-10 Letter G Words
1-10 Letter F Words
Countries of the World: 200 Million BC
Risky Map Clicking: Next State Alphabetically
Recently Updated
Beyoncé Albums
pecheneg
Leaping Animals
pecheneg
Reality TV Shows (A-Z)
bhenderson79
Rickey Henderson's Hall of Fame Teammates
pecheneg
Champions League XIs: Arsenal
pecheneg
Quick Pick: Celebrities in WWE's Hall of Fame
aduchscher
A-Z Keypad Blitz II
pecheneg
Multiple Oscar Actors
pecheneg
Mystery Phrase Blitz: Oscar 'Best Actors'
pecheneg
F. Scott Fitzgerald Novels
LTH
Trending Topics
Crossword
Kpop
Anime
Disney
Harry Potter
NBA
Marvel
WWE
Puzzle
Pokémon
NFL
The Office
Country
Song
Soccer
Your Account Isn't Verified!
In order to create a playlist on Sporcle, you need to verify the email address you used during registration. Go to your
Sporcle Settings
to finish the process.
Report this User
Report this user for behavior that violates our
Community Guidelines
.
Details:
Send Report
Go to the Sporcle.com Mobile Site →
Comments